Řezenská diecéze v historickém a právním pohledu /

Main Author: Valeš, Václav, 1979-2022
Language: Czech
Published: [Praha] : Královská kanonie premonstrátů na Strahově, 2019
Series: Bibliotheca Strahoviensis. Series monographica
Subjects:
Physical Description: 80 stran : ilustrace (převážně barevné), 1 mapa, portréty, faksimile ; 20 cm
Language note: Anglické resumé
Book
Saved in:
LEADER 03185nam a2200745 i 4500
001 nkc20193154757
003 CZ PrNK
005 20210730163109.0
007 ta
008 191024s2019 xr abchf 000 0 cze
015 |a cnb003154757 
020 |a 978-80-88009-17-7  |q (brožováno) 
035 |a (OCoLC)1130277132 
040 |a ABA001  |b cze  |e rda 
041 0 |a cze  |b eng 
043 |a e-gx--- 
045 |a l-y1 
072 7 |a 27  |x Křesťanství. Křesťanská církev všeobecně. Eklesiologie  |2 Konspekt  |9 5 
080 |a 27-772  |2 MRF 
080 |a 27-9  |2 MRF 
080 |a 27-7  |2 MRF 
080 |a 27-722.51/.52  |2 MRF 
080 |a 27-4  |2 MRF 
080 |a 2-67  |2 MRF 
080 |a 322  |2 MRF 
080 |a 27-662:3  |2 MRF 
080 |a 2-6  |2 MRF 
080 |a (430.129)  |2 MRF 
080 |a (049)  |2 MRF 
100 1 |a Valeš, Václav,  |d 1979-2022  |7 mzk2009502694  |4 aut 
245 1 0 |a Řezenská diecéze v historickém a právním pohledu /  |c Václav Valeš 
264 1 |a [Praha] :  |b Královská kanonie premonstrátů na Strahově,  |c 2019 
300 |a 80 stran :  |b ilustrace (převážně barevné), 1 mapa, portréty, faksimile ;  |c 20 cm 
336 |a text  |b txt  |2 rdacontent 
337 |a bez média  |b n  |2 rdamedia 
338 |a svazek  |b nc  |2 rdacarrier 
490 1 |a Bibliotheca Strahoviensis. Series monographica ;  |v VIII. 
504 |a Obsahuje bibliografii a bibliografické odkazy 
546 |a Anglické resumé 
610 2 7 |a Katolická církev.  |b Diecéze řezenská (Německo)  |7 kn20030529001  |2 czenas 
648 7 |a 8.-21. století  |7 ch1085179  |2 czenas 
650 0 7 |a diecéze  |7 ph258278  |z Německo  |y 8.-21. století  |2 czenas 
650 0 7 |a církevní dějiny  |7 ph114283  |z Německo  |y 8.-21. století  |2 czenas 
650 0 7 |a církevní správa  |7 ph232635  |z Německo  |y 8.-21. století  |2 czenas 
650 0 7 |a církevní hodnostáři  |7 ph119291  |z Německo  |y 8.-21. století  |2 czenas 
650 0 7 |a církevní život  |7 ph119306  |z Německo  |y 8.-21. století  |2 czenas 
650 0 7 |a stát a církev  |7 ph116308  |z Německo  |y 8.-21. století  |2 czenas 
650 0 7 |a křesťanství a společnost  |7 ph138510  |z Německo  |y 8.-21. století  |2 czenas 
650 0 9 |a dioceses  |z Germany  |y 8th-21st centuries  |2 eczenas 
650 0 9 |a church history  |z Germany  |y 8th-21st centuries  |2 eczenas 
650 0 9 |a administration and management of the church  |z Germany  |y 8th-21st centuries  |2 eczenas 
650 0 9 |a dignitaries  |z Germany  |y 8th-21st centuries  |2 eczenas 
650 0 9 |a church life  |z Germany  |y 8th-21st centuries  |2 eczenas 
650 0 9 |a church and state  |z Germany  |y 8th-21st centuries  |2 eczenas 
650 0 9 |a Christianity and civilization  |z Germany  |y 8th-21st centuries  |2 eczenas 
651 7 |a Řezno (Německo : oblast)  |7 ge391146  |x náboženské poměry  |y 8.-21. století  |2 czenas 
651 9 |a Regensburg Region (Germany)  |x religious conditions  |y 8th-21st centuries  |2 eczenas 
655 7 |a pojednání  |7 fd133056  |2 czenas 
655 9 |a essays  |2 eczenas 
830 0 |a Bibliotheca Strahoviensis.  |p Series monographica  |0 s 
910 2 |a BOA001  |b 1-1434.755 
990 |a BK 
995 |a 01 
991 |b 201911  |c NOV 
996 6 |b 2610801930  |c 1-1434.755  |l MZK  |r Sklad / do 1 hodiny  |n 0  |p p.v.  |w 001764379  |u 000010  |a 1  |e BOA001  |j MZK50  |s P